00357 a2200109 4500001001000000005001700010008004100027245004800068100002300116773009100139999001700230ART_4962420260410162001.0260409a 10aLa economía argentina en la "edad dorada"1 aVillanueva, Javier0 tBoletín de lecturas sociales y económicasg- Año 8, Nº 35 (abr. 2001)wREV28746 c31275d31275